[Event "Plzen, FSB A"]
[Site "?"]
[Date "2003.??.??"]
[Round "9.30"]
[White "Toman, J."]
[Black "Hlavac, R."]
[Result "0-1"]
[WhiteElo "2107"]
[BlackElo "2150"]
[PlyCount "110"]
[EventDate "2003.??.??"]
[Source "ChessBase"]
[SourceDate "1996.11.15"]

1. e4 c5 2. Nf3 Nc6 3. d4 cxd4 4. Nxd4 Nf6 5. Nc3 e5 6. Ndb5 d6 7. Bg5 a6 8.
Na3 b5 9. Nd5 Be7 10. Bxf6 Bxf6 11. c3 O-O 12. Nc2 Bg5 13. a4 bxa4 14. Rxa4 a5
15. Bb5 Ne7 16. Ncb4 Bd7 17. Bxd7 axb4 18. Rxa8 Qxa8 19. h4 Nxd5 20. exd5 Bd8
21. cxb4 Qb7 22. Qa4 Qxd5 23. O-O Bb6 24. Rd1 Bd4 25. Bc6 Qc4 26. Bb5 Qe6 27.
Qc2 Qf6 28. h5 d5 29. Bc6 Bxf2+ 30. Qxf2 Qxc6 31. Qc5 Qa4 32. Rxd5 Qa1+ 33. Kh2
Qxb2 34. Rxe5 h6 35. b5 Qd2 36. Rf5 Qe1 37. b6 Qh4+ 38. Kg1 Qe4 39. Rf1 Rb8 40.
g3 Rb7 41. Ra1 Qe6 42. Rb1 Qe4 43. Rb2 Kh7 44. Kh2 Qe6 45. Qc2+ f5 46. Qc5 Qe4
47. Qd6 Qe8 48. Qd5 Qc8 49. Kg2 Kh8 50. Rb3 Rd7 51. Qxd7 Qxd7 52. Kh2 Qd2+ 53.
Kh3 Qd1 54. Rb2 Qh1+ 55. Rh2 Qb1 0-1

[Event "Plzen, FSB A"]
[Site "?"]
[Date "2003.??.??"]
[Round "9.31"]
[White "Beran, B."]
[Black "Podbrdsky, P."]
[Result "1-0"]
[WhiteElo "1935"]
[BlackElo "2142"]
[PlyCount "83"]
[EventDate "2003.??.??"]
[Source "ChessBase"]
[SourceDate "1996.11.15"]

1. c4 c5 2. Nc3 Nc6 3. g3 g6 4. Bg2 Bg7 5. Nf3 e5 6. d3 Nge7 7. Be3 d6 8. Qd2
Nf5 9. Nd5 Nxe3 10. Nxe3 Rb8 11. h4 b5 12. Rb1 Bd7 13. Ng5 O-O 14. Ne4 Be8 15.
Nc3 Nd4 16. Ned5 f5 17. e3 b4 18. Ne2 Ne6 19. b3 Nc7 20. O-O Nxd5 21. Bxd5+ Bf7
22. Bg2 a5 23. d4 Qe7 24. Rbd1 Rbd8 25. dxc5 dxc5 26. Qc2 Bf6 27. Rxd8 Rxd8 28.
Rd1 Rd6 29. Nc1 Kf8 30. Rxd6 Qxd6 31. Qd3 Ke7 32. Qc2 e4 33. Bf1 Bc3 34. Ne2
Qd3 35. Qxd3 exd3 36. Nxc3 bxc3 37. Bxd3 a4 38. Kf1 axb3 39. axb3 g5 40. hxg5
Bh5 41. Ke1 Bf3 42. Bxf5 1-0

[Event "Plzen, FSB A"]
[Site "?"]
[Date "2003.??.??"]
[Round "9.32"]
[White "Reitinger, P."]
[Black "Tuma, J."]
[Result "1/2-1/2"]
[WhiteElo "2083"]
[BlackElo "2138"]
[PlyCount "37"]
[EventDate "2003.??.??"]
[Source "ChessBase"]
[SourceDate "1996.11.15"]

1. e4 e5 2. Nc3 Nf6 3. Bc4 Nxe4 4. Qh5 Nd6 5. Bb3 Be7 6. Qxe5 O-O 7. Nf3 c6 8.
O-O Ne8 9. Re1 Bf6 10. Qf4 d5 11. d3 Na6 12. Be3 Nac7 13. Bc5 Ne6 14. Rxe6 Bxe6
15. Bxf8 Kxf8 16. Nd4 Qd6 17. Nxe6+ Qxe6 18. Kf1 Nd6 19. Re1 1/2-1/2

[Event "Plzen, FSB A"]
[Site "?"]
[Date "2003.??.??"]
[Round "9.33"]
[White "Hrbolka jr., L."]
[Black "Jaros, M."]
[Result "1/2-1/2"]
[WhiteElo "2207"]
[BlackElo "1997"]
[PlyCount "51"]
[EventDate "2003.??.??"]
[Source "ChessBase"]
[SourceDate "1996.11.15"]

1. e4 e5 2. Nf3 Nc6 3. Bc4 Nf6 4. d3 Be7 5. O-O O-O 6. Re1 d6 7. c3 Bg4 8. h3
Bh5 9. Nbd2 Qd7 10. Nf1 Na5 11. Ng3 Bg6 12. Qe2 Nxc4 13. dxc4 Qe6 14. b3 Nh5
15. Nxh5 Bxh5 16. g4 Bg6 17. Nh2 Rad8 18. Nf1 Bh4 19. Ba3 Rfe8 20. Qf3 c6 21.
Rad1 Bg5 22. Ne3 Bxe3 23. Rxe3 Rd7 24. Red3 Red8 25. Bc1 f6 26. a4 1/2-1/2

[Event "Plzen, FSB A"]
[Site "?"]
[Date "2003.??.??"]
[Round "9.35"]
[White "Kopasov, E."]
[Black "Kolar, J."]
[Result "1/2-1/2"]
[WhiteElo "2154"]
[BlackElo "2063"]
[PlyCount "56"]
[EventDate "2003.??.??"]
[Source "ChessBase"]
[SourceDate "1996.11.15"]

1. d4 Nf6 2. c4 g6 3. Nc3 d5 4. Nf3 Bg7 5. cxd5 Nxd5 6. e4 Nxc3 7. bxc3 O-O 8.
Rb1 b6 9. Be2 Bb7 10. Qd3 Nc6 11. O-O Qd7 12. Be3 e5 13. d5 Ne7 14. c4 f5 15.
Ng5 Bf6 16. Ne6 Rf7 17. f3 f4 18. Bf2 c6 19. Qb3 cxd5 20. cxd5 Nxd5 21. Bc4
Qxe6 22. exd5 Qd6 23. Be1 Qc5+ 24. Bf2 Qd6 25. Rbc1 Kg7 26. Rfd1 Rc8 27. Be1
Qc5+ 28. Bf2 Qd6 1/2-1/2

[Event "Plzen, FSB A"]
[Site "?"]
[Date "2003.??.??"]
[Round "9.36"]
[White "Londyn, R."]
[Black "Hodova, L."]
[Result "1/2-1/2"]
[WhiteElo "2152"]
[BlackElo "2059"]
[PlyCount "88"]
[EventDate "2003.??.??"]
[Source "ChessBase"]
[SourceDate "1996.11.15"]

1. e4 c5 2. Nf3 d6 3. Bc4 Nf6 4. e5 dxe5 5. Nxe5 e6 6. O-O Be7 7. d3 O-O 8. Nd2
Nbd7 9. Ndf3 Nd5 10. Re1 Qc7 11. Nxd7 Qxd7 12. Ne5 Qc7 13. Qf3 Bd6 14. Qe4 Nf6
15. Qe2 Nd5 16. Qh5 a6 17. a4 b6 18. Ra3 g6 19. Qe2 Bxe5 20. Qxe5 Qxe5 21. Rxe5
Bb7 22. Bh6 Rfe8 23. f4 Bc6 24. Bb3 b5 25. g4 f6 26. Re2 Kf7 27. h4 f5 28. gxf5
gxf5 29. Rg2 Rg8 30. axb5 Rxg2+ 31. Kxg2 axb5 32. Rxa8 Bxa8 33. Kf2 Nb6 34. c4
bxc4 35. dxc4 Bc6 36. Ke3 Na4 37. Bxa4 Bxa4 38. Kd2 Ke7 39. Kc3 Bd1 40. b4
cxb4+ 41. Kxb4 Kd6 42. Bf8+ Kc6 43. Kc3 h5 44. Kd4 Bb3 1/2-1/2

[Event "Plzen, FSB A"]
[Site "?"]
[Date "2003.??.??"]
[Round "9.37"]
[White "Huisman, H."]
[Black "Houska, J."]
[Result "1-0"]
[WhiteElo "2135"]
[BlackElo "2056"]
[PlyCount "141"]
[EventDate "2003.??.??"]
[Source "ChessBase"]
[SourceDate "1996.11.15"]

1. e4 e6 2. d4 d5 3. e5 c5 4. c3 Qb6 5. Nf3 Bd7 6. Be2 Bb5 7. O-O Bxe2 8. Qxe2
Qa6 9. Qc2 cxd4 10. Nxd4 Nc6 11. Nxc6 bxc6 12. b3 Ne7 13. Ba3 Ng6 14. Bxf8 Nxf8
15. Nd2 Nd7 16. f4 g6 17. Kh1 Qb6 18. Rae1 h5 19. Rf3 Ke7 20. c4 a5 21. Rc3 Ra6
22. cxd5 cxd5 23. Nf3 Qb4 24. Rc7 Rha8 25. Rd1 a4 26. Nd4 axb3 27. axb3 Qb6 28.
Rc6 Ra2 29. Rxb6 Rxc2 30. Rxe6+ fxe6 31. Nxc2 g5 32. g3 gxf4 33. gxf4 Rf8 34.
Rd4 Nc5 35. Rb4 Kd7 36. Ne1 Kc6 37. Kg2 Na6 38. Rd4 Rb8 39. Rd3 Nc5 40. Rc3
Rxb3 41. Rxb3 Nxb3 42. Kg3 d4 43. Kh4 Kd5 44. Kxh5 Ke4 45. Kg5 Nd2 46. h4 Nf3+
47. Nxf3 Kxf3 48. f5 d3 49. f6 d2 50. f7 d1=Q 51. f8=Q+ Ke4 52. Qf4+ Kd5 53.
Kf6 Qh5 54. Qd2+ Ke4 55. Qb4+ Ke3 56. Kxe6 Qg6+ 57. Kd7 Qf7+ 58. Qe7 Qd5+ 59.
Kc7 Qc4+ 60. Kd6 Qa6+ 61. Kd7 Qb5+ 62. Ke6 Qc4+ 63. Kf5 Qe4+ 64. Kg5 Qf4+ 65.
Kh5 Qf3+ 66. Kh6 Kd4 67. Qf6 Qe3+ 68. Qg5 Qe4 69. Qd8+ Kc4 70. Qc7+ Kd3 71. Qh7
1-0

[Event "Plzen, FSB A"]
[Site "?"]
[Date "2003.??.??"]
[Round "9.38"]
[White "Kupka, F."]
[Black "Ondrejat, M."]
[Result "1/2-1/2"]
[WhiteElo "2011"]
[BlackElo "2133"]
[PlyCount "33"]
[EventDate "2003.??.??"]
[Source "ChessBase"]
[SourceDate "1996.11.15"]

1. e4 e6 2. d4 d5 3. Nc3 Bb4 4. e5 c5 5. a3 Bxc3+ 6. bxc3 Ne7 7. Nf3 O-O 8. Bd3
f5 9. exf6 Rxf6 10. Bg5 Rf8 11. O-O Nbc6 12. Re1 Qa5 13. Bxe7 Nxe7 14. Ng5 g6
15. Nxe6 Bxe6 16. Rxe6 Nf5 17. Bxf5 1/2-1/2

[Event "Plzen, FSB A"]
[Site "?"]
[Date "2003.??.??"]
[Round "9.39"]
[White "Novacek, K."]
[Black "Fales, A."]
[Result "1-0"]
[WhiteElo "2116"]
[BlackElo "1937"]
[PlyCount "73"]
[EventDate "2003.??.??"]
[Source "ChessBase"]
[SourceDate "1996.11.15"]

1. e4 e6 2. Qe2 c5 3. g3 g6 4. Bg2 Bg7 5. f4 Ne7 6. Nf3 Nbc6 7. O-O Nd4 8. Nxd4
Bxd4+ 9. Kh1 d6 10. e5 c4 11. Qxc4 Bb6 12. exd6 Qxd6 13. Nc3 Nc6 14. b3 Bd7 15.
Ne4 Qd4 16. Qxd4 Bxd4 17. c3 Bb6 18. Nd6+ Ke7 19. Ba3 Kf6 20. Nxb7 Rab8 21. Nc5
Be8 22. g4 Kg7 23. f5 h5 24. fxe6 hxg4 25. exf7 Bxf7 26. Bxc6 g3 27. d4 Rxh2+
28. Kg1 Rbh8 29. Bg2 Bc7 30. Rxf7+ Kxf7 31. Rf1+ Ke8 32. Ne6 Kd7 33. Nxc7 Kxc7
34. Rf7+ Kd8 35. Rxa7 R8h5 36. Bd6 Rf5 37. Bc6 1-0

[Event "Plzen, FSB A"]
[Site "?"]
[Date "2003.??.??"]
[Round "9.40"]
[White "Micka, V."]
[Black "Skacel, J."]
[Result "1/2-1/2"]
[WhiteElo "1982"]
[BlackElo "2093"]
[PlyCount "56"]
[EventDate "2003.??.??"]
[Source "ChessBase"]
[SourceDate "1996.11.15"]

1. f4 e5 2. e4 exf4 3. Nf3 Nf6 4. Nc3 d5 5. e5 Nh5 6. Be2 Bg4 7. O-O Be7 8. d4
O-O 9. Ng5 Bxe2 10. Qxe2 g6 11. Nh3 c5 12. Nxf4 Nxf4 13. Bxf4 cxd4 14. Nd1 Nc6
15. Nf2 Re8 16. Rae1 Bb4 17. Rd1 Bf8 18. Qb5 Qb6 19. Qxd5 Rad8 20. Qe4 Bg7 21.
Nd3 Qa5 22. Bg5 Qd5 23. Qh4 Rc8 24. Bf6 Nxe5 25. Bxg7 Kxg7 26. Nf4 Qd8 27. Qg3
Kh8 28. c3 Rc4 1/2-1/2

[Event "Plzen, FSB A"]
[Site "?"]
[Date "2003.??.??"]
[Round "9.41"]
[White "Toman, J."]
[Black "Sedlacek, J."]
[Result "1-0"]
[WhiteElo "1940"]
[BlackElo "2083"]
[PlyCount "131"]
[EventDate "2003.??.??"]
[Source "ChessBase"]
[SourceDate "1996.11.15"]

1. d4 d5 2. c4 e6 3. Nc3 Nf6 4. Bg5 Be7 5. e3 O-O 6. Nf3 h6 7. Bh4 b6 8. Qc2
Bb7 9. Bxf6 Bxf6 10. cxd5 exd5 11. O-O-O Qe7 12. g4 c5 13. h4 g6 14. g5 hxg5
15. hxg5 Bxg5 16. Nxg5 Qxg5 17. Bd3 Qf6 18. Rh6 cxd4 19. Bxg6 Qg5 20. Rdh1 Kg7
21. Bxf7 Rxf7 22. Rh7+ Kf8 23. Rxf7+ Kxf7 24. Qh7+ Qg7 25. Qf5+ Ke8 26. Rh7
Qxh7 27. Qxh7 Nd7 28. Nb5 Rc8+ 29. Kd2 dxe3+ 30. fxe3 Rc6 31. Nd4 Rf6 32. Nf5
Kd8 33. Qe7+ Kc7 34. Nd4 Ba6 35. b4 Bc4 36. b5 Bxa2 37. Ne6+ Rxe6 38. Qxe6 Nc5
39. Qc6+ Kb8 40. Kc3 Bc4 41. Kd4 Bb3 42. Ke5 Ba2 43. Kd6 Nb7+ 44. Ke7 Nc5 45.
Qd6+ Kc8 46. Qe5 Bc4 47. Qd4 Kc7 48. e4 Nxe4 49. Qe5+ Kc8 50. Qf5+ Kb8 51. Kd8
Nd6 52. Qe5 Bxb5 53. Qxd6+ Kb7 54. Qxd5+ Bc6 55. Qf7+ Ka6 56. Kc7 Ba4 57. Qc4+
b5 58. Qb4 Bc2 59. Kc6 Ba4 60. Kc5 Kb7 61. Qa5 Kb8 62. Kd6 Kb7 63. Qc7+ Ka6 64.
Kc5 b4 65. Qc8+ Ka5 66. Qb7 1-0

[Event "Plzen, FSB A"]
[Site "?"]
[Date "2003.??.??"]
[Round "9.42"]
[White "Snaidr, J."]
[Black "Brom, J."]
[Result "1-0"]
[WhiteElo "2063"]
[BlackElo "2201"]
[PlyCount "87"]
[EventDate "2003.??.??"]
[Source "ChessBase"]
[SourceDate "1996.11.15"]

1. d4 Nf6 2. c4 c5 3. Nf3 g6 4. Nc3 cxd4 5. Nxd4 Bg7 6. e4 d6 7. Be2 O-O 8. O-O
Nc6 9. Be3 Bd7 10. Nb3 b6 11. Rc1 Rc8 12. f3 Ne8 13. Qd2 f5 14. Bh6 Ne5 15.
Bxg7 Kxg7 16. exf5 Bxf5 17. Nd5 Kg8 18. Nd4 Bd7 19. f4 Nc6 20. Nf3 e6 21. Nc3
Qf6 22. g3 Qf5 23. Qe3 Qc5 24. Qxc5 bxc5 25. Rcd1 Nd8 26. Ng5 h6 27. Nge4 Nf7
28. Bg4 a6 29. Rfe1 Rc6 30. Na4 Bc8 31. Rd2 e5 32. Bxc8 Rxc8 33. Nb6 Rc7 34.
Nd5 Rb7 35. Re3 Kg7 36. Ra3 Ra7 37. Rb3 exf4 38. gxf4 Nd8 39. Rb6 Nb7 40. b3
Rf7 41. Rc6 Ra8 42. Rg2 Nd8 43. Rb6 Ne6 44. Nxd6 1-0

[Event "Plzen, FSB A"]
[Site "?"]
[Date "2003.??.??"]
[Round "9.43"]
[White "Horak, J."]
[Black "Choisy, M."]
[Result "0-1"]
[WhiteElo "2138"]
[BlackElo "2024"]
[PlyCount "42"]
[EventDate "2003.??.??"]
[Source "ChessBase"]
[SourceDate "1996.11.15"]

1. Nf3 Nf6 2. c4 c5 3. g3 Nc6 4. Bg2 e6 5. O-O Be7 6. d4 cxd4 7. Nxd4 O-O 8.
Nc3 a6 9. e4 Qc7 10. Bf4 e5 11. Nxc6 dxc6 12. Bg5 h6 13. Bxf6 Bxf6 14. f4 Be6
15. b3 exf4 16. Qc2 fxg3 17. Rxf6 gxf6 18. Rf1 Qe5 19. Ne2 gxh2+ 20. Kh1 Kh7
21. Nf4 Rg8 0-1

[Event "Plzen, FSB A"]
[Site "?"]
[Date "2003.??.??"]
[Round "9.45"]
[White "Bartonicek sr., Z."]
[Black "Vlcek, J."]
[Result "1-0"]
[WhiteElo "2127"]
[BlackElo "1840"]
[PlyCount "99"]
[EventDate "2003.??.??"]
[Source "ChessBase"]
[SourceDate "1996.11.15"]

1. d4 Nf6 2. c4 e6 3. Nc3 Bb4 4. Qc2 d5 5. e3 c5 6. a3 Bxc3+ 7. bxc3 O-O 8. Nf3
Nc6 9. Bd3 dxc4 10. Bxc4 cxd4 11. cxd4 Bd7 12. O-O Rc8 13. Qd3 Na5 14. Bb5 Bxb5
15. Qxb5 Qd5 16. a4 Nb3 17. Ba3 Nxa1 18. Bxf8 Qxb5 19. axb5 Kxf8 20. Rxa1 a6
21. bxa6 bxa6 22. Kf1 Ra8 23. Ra5 Nd7 24. Ke2 Ke7 25. Kd3 f6 26. e4 Ra7 27. Nd2
Nb8 28. Nb3 Rd7 29. Kc4 Rc7+ 30. Nc5 Kd6 31. f4 Ke7 32. h4 Ra7 33. g4 g6 34. g5
f5 35. e5 Rc7 36. d5 exd5+ 37. Kxd5 Nc6 38. Nxa6 Nxa5 39. Nxc7 Nb7 40. Ne6 Na5
41. Nd4 Ke8 42. Ke6 Nc4 43. Kf6 Nb6 44. Kg7 Nd5 45. Ne2 Nc7 46. Kxh7 Kf7 47.
Nd4 Nd5 48. e6+ Ke7 49. Kxg6 Nxf4+ 50. Kxf5 1-0

[Event "Plzen, FSB A"]
[Site "?"]
[Date "2003.??.??"]
[Round "9.46"]
[White "Hajek, J."]
[Black "Beneteau, H."]
[Result "0-1"]
[WhiteElo "2029"]
[BlackElo "2109"]
[PlyCount "64"]
[EventDate "2003.??.??"]
[Source "ChessBase"]
[SourceDate "1996.11.15"]

1. e4 c5 2. Nf3 e6 3. b3 b6 4. c4 Bb7 5. Nc3 Nf6 6. d3 d5 7. exd5 exd5 8. Bg5
Be7 9. Qc2 d4 10. Bxf6 Bxf6 11. Ne2 O-O 12. Ng3 Nc6 13. Be2 Qd7 14. O-O Bd8 15.
Rfe1 Bc7 16. Qd2 f5 17. Bf1 f4 18. Ne4 Qf5 19. a3 h6 20. Qe2 Rae8 21. Nfd2 Ne5
22. f3 g5 23. b4 g4 24. bxc5 bxc5 25. Qf2 Nd7 26. fxg4 Qxg4 27. Be2 Qf5 28. Bf3
Ne5 29. Nxc5 Nxf3+ 30. Nxf3 Qxc5 31. Nxd4 Rxe1+ 32. Rxe1 Bb6 0-1

[Event "Plzen, FSB A"]
[Site "?"]
[Date "2003.??.??"]
[Round "9.47"]
[White "Kovar, J."]
[Black "Sladek, J."]
[Result "1-0"]
[WhiteElo "1922"]
[BlackElo "2081"]
[PlyCount "95"]
[EventDate "2003.??.??"]
[Source "ChessBase"]
[SourceDate "1996.11.15"]

1. e4 d5 2. exd5 Nf6 3. Nf3 Qxd5 4. Nc3 Qa5 5. d4 c6 6. Bd2 Qc7 7. Bd3 Bg4 8.
h3 Bh5 9. Ne2 Bxf3 10. gxf3 Nh5 11. c3 g6 12. Qb3 Bg7 13. O-O-O Nd7 14. f4 e6
15. Rhe1 O-O-O 16. Kb1 Ndf6 17. c4 Kb8 18. Bc2 Rd7 19. Qf3 Rhd8 20. Be3 Ne8 21.
Rc1 Bxd4 22. Nxd4 Rxd4 23. Bxd4 Rxd4 24. f5 Nf4 25. fxe6 Nxe6 26. Qc3 Qf4 27.
b3 c5 28. Qg3 Nf6 29. Qe3 Ne8 30. Be4 N8c7 31. Rcd1 Qd6 32. Bc2 Qd8 33. Qe5 Qh4
34. Re4 Qd8 35. Rexd4 cxd4 36. Be4 f6 37. Qg3 Nc5 38. Bd5 d3 39. b4 N5a6 40. a3
Qe7 41. Qxd3 Kc8 42. Bg8 b6 43. Bd5 Nb8 44. Bg2 f5 45. Qd4 Ne6 46. Qh8+ Kc7 47.
Qe5+ Kc8 48. Rd6 1-0

[Event "Plzen, FSB A"]
[Site "?"]
[Date "2003.??.??"]
[Round "9.48"]
[White "Vrana, J."]
[Black "Cvikl, M."]
[Result "1-0"]
[WhiteElo "1855"]
[BlackElo "2078"]
[PlyCount "95"]
[EventDate "2003.??.??"]
[Source "ChessBase"]
[SourceDate "1996.11.15"]

1. e4 d5 2. exd5 Qxd5 3. Nc3 Qa5 4. Bc4 Bf5 5. Nf3 c6 6. a3 e6 7. O-O Nf6 8. d4
Bd6 9. h3 Nbd7 10. Ne2 Qc7 11. Ba2 h6 12. c4 b6 13. Nc3 Rd8 14. d5 e5 15. Qa4
b5 16. Qd1 bxc4 17. dxc6 Qxc6 18. Bxc4 O-O 19. Bb5 Qc7 20. Be3 Nb6 21. Qe2 Bg6
22. Rac1 Qe7 23. Rfe1 Bh5 24. g4 Bg6 25. Bxb6 axb6 26. Nxe5 Qb7 27. Nxg6 fxg6
28. Ne4 Bf4 29. Rcd1 Rxd1 30. Nxf6+ Rxf6 31. Rxd1 Bd6 32. Qe8+ Kh7 33. Bc6 Qc7
34. Bd5 Rf8 35. Qc6 Bh2+ 36. Kg2 Qe5 37. Bf3 Bf4 38. b3 Rf6 39. Qa8 Rd6 40. Bd5
g5 41. Qg8+ Kg6 42. Qf7+ Kh7 43. Qg8+ Kg6 44. Qf7+ Kh7 45. Qb7 Rf6 46. Be4+ Kg8
47. Rd8+ Rf8 48. Bd5+ 1-0

[Event "Plzen, FSB A"]
[Site "?"]
[Date "2003.??.??"]
[Round "9.50"]
[White "Vladyka, V."]
[Black "Pravdik, K."]
[Result "1/2-1/2"]
[WhiteElo "2079"]
[BlackElo "1893"]
[PlyCount "80"]
[EventDate "2003.??.??"]
[Source "ChessBase"]
[SourceDate "1996.11.15"]

1. e4 c5 2. Nf3 e6 3. d4 cxd4 4. Nxd4 Nf6 5. Bd3 d6 6. O-O Be7 7. c4 O-O 8. Nc3
Nc6 9. Nxc6 bxc6 10. Be3 e5 11. f3 Be6 12. b3 Qa5 13. Qd2 Rfe8 14. Nd5 Qxd2 15.
Nxe7+ Rxe7 16. Bxd2 Nd7 17. Bb4 c5 18. Bc3 Rb8 19. Rfd1 Rb6 20. Bc2 f6 21. Rd2
Nf8 22. Rad1 Rd7 23. g3 Kf7 24. h4 Ke7 25. Bd3 Bf7 26. Bf1 Ne6 27. Bh3 Rdb7 28.
Bxe6 Bxe6 29. g4 h6 30. Kf2 Rb8 31. h5 R8b7 32. Ke3 Rb8 33. Ba5 Rc6 34. Rc2 Ra6
35. Be1 Ra3 36. Bc3 Rb7 37. Bd2 Rb8 38. Bc1 Ra6 39. Kd3 Rab6 40. Bd2 Ra8
1/2-1/2

[Event "Plzen, FSB A"]
[Site "?"]
[Date "2003.??.??"]
[Round "9.51"]
[White "Kovarik, J."]
[Black "Vrchotka, J."]
[Result "0-1"]
[WhiteElo "2007"]
[BlackElo "2140"]
[PlyCount "62"]
[EventDate "2003.??.??"]
[Source "ChessBase"]
[SourceDate "1996.11.15"]

1. e4 e5 2. Nf3 Nc6 3. Bb5 Nf6 4. O-O a6 5. Bxc6 dxc6 6. Nxe5 Bc5 7. c3 O-O 8.
d4 Ba7 9. Bg5 h6 10. Bxf6 Qxf6 11. Nd2 c5 12. Qf3 Qe7 13. Nb3 cxd4 14. cxd4
Bxd4 15. Nxd4 Qxe5 16. Qe3 c5 17. Nf3 Qe7 18. Rfd1 Be6 19. b3 Rfd8 20. Rac1 b6
21. h3 a5 22. Rd3 a4 23. Rdc3 axb3 24. axb3 Ra3 25. Ne5 Rda8 26. Nc4 R3a6 27.
Rd3 b5 28. Nb2 Ra1 29. Rdc3 Rxc1+ 30. Qxc1 Ra7 31. Nd1 Qf6 0-1

[Event "Plzen, FSB A"]
[Site "?"]
[Date "2003.??.??"]
[Round "9.52"]
[White "Wunsch, J."]
[Black "Prazak, O."]
[Result "1/2-1/2"]
[WhiteElo "2130"]
[BlackElo "2010"]
[PlyCount "20"]
[EventDate "2003.??.??"]
[Source "ChessBase"]
[SourceDate "1996.11.15"]

1. e4 e6 2. d4 d5 3. exd5 exd5 4. Bd3 Nf6 5. Bf4 Be7 6. Ne2 O-O 7. O-O Re8 8.
Nd2 Nbd7 9. Nf3 Nf8 10. Ne5 Ng6 1/2-1/2

[Event "Plzen, FSB A"]
[Site "?"]
[Date "2003.??.??"]
[Round "9.53"]
[White "Szarowski, D."]
[Black "Kamenik, M."]
[Result "0-1"]
[WhiteElo "1930"]
[BlackElo "2057"]
[PlyCount "84"]
[EventDate "2003.??.??"]
[Source "ChessBase"]
[SourceDate "1996.11.15"]

1. e4 c5 2. Nf3 Nc6 3. d4 cxd4 4. Nxd4 e5 5. Nb5 d6 6. N1c3 a6 7. Na3 b5 8. Nd5
Nge7 9. c4 b4 10. Nc2 Rb8 11. g3 Nxd5 12. cxd5 Ne7 13. Bg2 f5 14. exf5 Bxf5 15.
Ne3 g6 16. O-O Bg7 17. Nxf5 Nxf5 18. Qa4+ Qd7 19. Qxa6 O-O 20. a3 b3 21. Qd3
Rfc8 22. Bd2 Nd4 23. Bc3 Nc2 24. Rac1 Qc7 25. Be4 Bh6 26. f4 Qc5+ 27. Kh1 Qb6
28. Qf3 Ne3 29. Rg1 Rf8 30. Qe2 Rbe8 31. fxe5 dxe5 32. Bb4 Qd4 33. Qd3 Rf2 34.
Bxg6 Qxd3 35. Bxd3 Ng4 36. Rge1 Bxc1 37. Rxc1 Rxb2 38. Bf5 Nf6 39. Rb1 Rxb1+
40. Bxb1 Nxd5 41. Bd6 Nc3 42. Bd3 b2 0-1

[Event "Plzen, FSB A"]
[Site "?"]
[Date "2003.??.??"]
[Round "9.54"]
[White "Miskolczi, V."]
[Black "Kubik, J."]
[Result "0-1"]
[WhiteElo "2019"]
[BlackElo "1863"]
[PlyCount "49"]
[EventDate "2003.??.??"]
[Source "ChessBase"]
[SourceDate "1996.11.15"]

1. e4 e5 2. d4 exd4 3. Nf3 Nc6 4. Bc4 Nf6 5. O-O d6 6. Nxd4 Bd7 7. Nc3 Be7 8.
Re1 Ne5 9. Be2 Bg4 10. f4 Bxe2 11. Qxe2 Ng6 12. Qb5+ Qd7 13. Qxb7 O-O 14. Qb5
Qg4 15. Qe2 Qd7 16. Qb5 Qg4 17. Qf5 Rfe8 18. e5 dxe5 19. Qxg4 Nxg4 20. fxe5 Bc5
21. Re4 f5 22. Rxg4 fxg4 23. Nce2 Rxe5 24. Kf1 Rf8+ 25. Ke1 0-1

[Event "Plzen, FSB A"]
[Site "?"]
[Date "2003.??.??"]
[Round "9.55"]
[White "Traczewski, W."]
[Black "Hasek, P."]
[Result "1-0"]
[WhiteElo "1800"]
[BlackElo "1934"]
[PlyCount "113"]
[EventDate "2003.??.??"]
[Source "ChessBase"]
[SourceDate "1996.11.15"]

1. e4 e5 2. Nf3 Nc6 3. Bb5 g6 4. O-O Bg7 5. c3 d6 6. d4 Bd7 7. d5 Nb8 8. Qb3 b6
9. Bg5 f6 10. Be3 Nh6 11. h3 O-O 12. a4 a5 13. Na3 Nf7 14. Bxd7 Nxd7 15. Qc2 h6
16. Nh4 Kh7 17. f4 exf4 18. Bxf4 Nfe5 19. Nf3 Qe7 20. Nb5 Rac8 21. Nfd4 Nc5 22.
b4 axb4 23. cxb4 Na6 24. Bd2 Rf7 25. a5 bxa5 26. Rxa5 Nb8 27. Ra7 Qd7 28. Na3
Qe8 29. b5 Re7 30. Ne6 Nbd7 31. Rxc7 Nc5 32. Rxc8 Qxc8 33. Nxc5 Rc7 34. Rc1
Rxc5 35. Qb1 f5 36. exf5 gxf5 37. b6 Kh8 38. b7 Rxc1+ 39. Bxc1 Qc5+ 40. Kh1 Nd7
41. b8=Q+ Nxb8 42. Qxb8+ Kh7 43. Bb2 Bxb2 44. Qxb2 Qxd5 45. Qc2 Qe5 46. Nc4 Qe6
47. Qd3 d5 48. Ne3 Qe4 49. Qxe4 fxe4 50. Nxd5 Kg6 51. Kg1 Kf5 52. Ne3+ Kf4 53.
Kf2 h5 54. Nd5+ Ke5 55. Nc3 h4 56. Ke3 Kf5 57. Nxe4 1-0

[Event "Plzen, FSB A"]
[Site "?"]
[Date "2003.??.??"]
[Round "9.56"]
[White "Postupa, P."]
[Black "Krejcova, K."]
[Result "0-1"]
[WhiteElo "1863"]
[BlackElo "1848"]
[PlyCount "110"]
[EventDate "2003.??.??"]
[Source "ChessBase"]
[SourceDate "1996.11.15"]

1. e4 c5 2. Nf3 d6 3. d4 cxd4 4. Nxd4 Nf6 5. Nc3 a6 6. Be2 e6 7. O-O Nbd7 8. a4
b6 9. Be3 Bb7 10. f3 Be7 11. Nb3 O-O 12. Qd2 d5 13. exd5 Nxd5 14. Nxd5 Bxd5 15.
c4 Bc6 16. Nd4 Bb7 17. Rad1 Nc5 18. Qc2 Qc7 19. b4 Nd7 20. Qb3 Rfd8 21. f4 a5
22. Nb5 Qb8 23. bxa5 Nc5 24. Bxc5 Bxc5+ 25. Kh1 Rxa5 26. f5 exf5 27. Rxf5 Rxd1+
28. Bxd1 Qa8 29. Qg3 Qd8 30. Qe1 Ra8 31. Bc2 g6 32. Re5 Qd7 33. Re2 h5 34. Nc3
Qd4 35. Ne4 Qxc4 36. Nxc5 bxc5 37. Qd1 Bc6 38. Bb3 Qf4 39. Ra2 h4 40. h3 c4 41.
Bc2 Qg3 42. Bb1 Qxh3+ 43. Kg1 Qe3+ 44. Kh2 Qg3+ 45. Kg1 Re8 46. Re2 Rxe2 47.
Qxe2 h3 48. Be4 Bxe4 49. Qxe4 Qxg2+ 50. Qxg2 hxg2 51. a5 c3 52. a6 c2 53. a7
c1=Q+ 54. Kxg2 Qa3 55. a8=Q+ Qxa8+ 0-1